Cymru concerns (Record no. 80211)
[ view plain ]
| 000 -LEADER | |
|---|---|
| fixed length control field | 01001cab a22002055a 4500 |
| 001 - CONTROL NUMBER | |
| control field | L143529 |
| 008 - FIXED-LENGTH DATA ELEMENTS--GENERAL INFORMATION | |
| fixed length control field | 080515s2008 xxk f s 000 0 eng d |
| 035 ## - SYSTEM CONTROL NUMBER | |
| System control number | (Sirsi) u143529 |
| 041 0# - LANGUAGE CODE | |
| Language code of text/sound track or separate title | eng |
| 100 1# - MAIN ENTRY--PERSONAL NAME | |
| Personal name | Menary, Steve |
| 245 00 - TITLE STATEMENT | |
| Title | Cymru concerns |
| 260 ## - PUBLICATION, DISTRIBUTION, ETC. | |
| Date of publication, distribution, etc. | 2008 |
| 490 ## - SERIES STATEMENT | |
| Series statement | Housebuilder |
| Volume/sequential designation | 67(4) May 2008, 14-15(2) |
| 520 ## - SUMMARY, ETC. | |
| Summary, etc. | Considers the condition of the Welsh construction market. Warns that the recent collapse of a Cardiff-based construction company may not remain an isolated occurrence, and could happen outside Wales. While company failures in Wales rose by 3.8% in the last year, this was the lowest figure for any UK region. The number of failing property firms in the last year is 151, compared with 119 a year ago. The credit crunch is being seen as responsible. Provides local statistics on planning applications and approvals. |
| 590 ## - LOCAL NOTE (RLIN) | |
| Local note | KA |
| 651 #4 - SUBJECT ADDED ENTRY--GEOGRAPHIC NAME | |
| Geographic name | United Kingdom |
| Chronological subdivision | |
| 651 #4 - SUBJECT ADDED ENTRY--GEOGRAPHIC NAME | |
| Geographic name | Wales |
| Chronological subdivision | 2007- |
| 690 ## - LOCAL SUBJECT ADDED ENTRY--TOPICAL TERM (OCLC, RLIN) | |
| Topical term or geographic name as entry element | BUILT ENVIRONMENT-CONSTRUCTION MARKET |
| 942 ## - ADDED ENTRY ELEMENTS (KOHA) | |
| Suppress in OPAC | 0 |
| Withdrawn status | Lost status | Source of classification or shelving scheme | Damaged status | Not for loan | Home library | Current library | Shelving location | Date acquired | Total Checkouts | Full call number | Barcode | Date last seen | Copy number | Price effective from | Koha item type |
|---|---|---|---|---|---|---|---|---|---|---|---|---|---|---|---|
| Dewey Decimal Classification | London | London | Journal article | 15/05/2008 | L143529 | 143529-1001 | 06/08/2019 | 1 | 06/08/2019 | Journal article |